[Event "It (open)"]
[Site "masterchessopen.com Tabriz (Iran)"]
[Date "2012.01.15"]
[Round "4"]
[White "Grabliauskas Virginijus (LTU)"]
[Black "Nigalidze Gaioz (GEO)"]
[Result "0-1"]
[WhiteElo "2374"]
[BlackElo "2460"]

1.d4 g6 2.c4 Bg7 3.e4 d6 4.Nc3 Nd7 5.Nf3 e5 6.g3 Ngf6 7.Bg2 O-O 8.O-O c6 9.Rb1
a5 10.b3 exd4 11.Nxd4 Nc5 12.h3 Re8 13.Re1 {#R} 0-1

[Event "Ch Hungary (team) 2011/12"]
[Site "masterchessopen.com Hungary"]
[Date "2012.01.29"]
[Round "5"]
[White "Ilincic Zlatko (SRB)"]
[Black "Popovics Adam (HUN)"]
[Result "1-0"]
[WhiteElo "2450"]
[BlackElo "2399"]

1.d4 Nf6 2.c4 g6 3.g3 Bg7 4.Bg2 O-O 5.Nc3 d6 6.Nf3 Nbd7 7.O-O e5 8.e4 c6 9.b3
Qb6 10.Rb1 exd4 11.Nxd4 Nc5 12.Nde2 Rd8 13.h3 Qc7 14.Be3 a5 15.Qd2 Qe7 16.f3
b6 17.Rfd1 Bb7 18.Na4 Qc7 19.Nec3 Ba6 20.g4 b5 21.cxb5 cxb5 22.g5 Nxa4 23.bxa4
b4 24.Nb5 Bxb5 25.gxf6 {#r} 1-0

[Event "Ch Andalucia (juniors) (under 16)"]
[Site "masterchessopen.com Islantilla (Spain)"]
[Date "2012.04.14"]
[Round "5"]
[White "Chaikhiev Chaikhieva Miguel An"]
[Black "Rodriguez Rodriguez Alvaro"]
[Result "0-1"]
[WhiteElo "1811"]
[BlackElo "1811"]

1.Nf3 Nf6 2.d4 g6 3.g3 Bg7 4.Bg2 O-O 5.c4 d6 6.Nc3 Nbd7 7.O-O e5 8.e4 c6 9.Re1
Qb6 10.dxe5 dxe5 11.Rb1 Rd8 12.Be3 Qc7 13.Qc2 Nf8 14.h3 Be6 15.b3 h6 16.Rbd1
N8d7 17.Qc1 Kh7 18.g4 Ng8 19.Ne2 Bf8 20.Ng3 Be7 21.g5 h5 22.Nh4 Nc5 23.Bf1 Na6
24.Rxd8 Rxd8 25.Rd1 b6 26.Nf3 Ba3 27.Qb1 Bd6 28.Kh2 Ne7 29.Be2 Qc8 30.h4 Bg4
31.Qb2 Qc7 32.Qd2 Nc8 33.Qb2 Qe7 34.Qc3 {#R} 0-1

[Event "Ch Hungary (team) 2011/12"]
[Site "masterchessopen.com Hungary"]
[Date "2012.05.20"]
[Round "11"]
[White "Pinter Jozsef (HUN)"]
[Black "Soos Arpad (HUN)"]
[Result "1-0"]
[WhiteElo "2548"]
[BlackElo "2394"]

1.d4 Nf6 2.c4 g6 3.Nc3 Bg7 4.Nf3 d6 5.g3 O-O 6.Bg2 Nbd7 7.O-O e5 8.e4 exd4
9.Nxd4 Re8 10.h3 Nc5 11.Re1 a5 12.Ndb5 Bd7 13.Bf4 Bc6 14.Qc2 Re7 15.Rad1 Qe8
16.Nxc7 Rxc7 17.Bxd6 Ne6 18.Bxc7 Nxc7 19.Nd5 Rc8 20.Qd2 a4 21.Nxc7 Rxc7 22.e5
Nd7 23.Bxc6 bxc6 24.Qd6 Qc8 25.e6 fxe6 26.Qxe6+ Kh8 27.Rxd7 Rxd7 28.Qe8+ Qxe8
29.Rxe8+ {#r} 1-0

[Event "Ch Baden (seniors) (open)"]
[Site "masterchessopen.com Emmendingen (Germany)"]
[Date "2012.06.09"]
[Round "8"]
[White "Schrems Hermann (GER)"]
[Black "Krause Christian (GER)"]
[Result "1-0"]
[WhiteElo "2120"]
[BlackElo "2149"]

1.d4 g6 2.c4 Bg7 3.g3 d6 4.Bg2 Nf6 5.Nc3 O-O 6.Nf3 Nbd7 7.O-O e5 8.e4 c6 9.Qc2
exd4 10.Nxd4 Ne5 11.b3 c5 12.Nde2 Nc6 13.Bb2 Ne8 14.Rad1 Be6 15.Nb5 a6 16.Bxg7
Kxg7 17.Qb2+ f6 18.Nbc3 Rb8 19.f4 b5 20.e5 Nd4 21.exf6+ Nxf6 22.cxb5 axb5
23.Nxd4 cxd4 24.Ne2 Bg4 25.Nxd4 Qb6 26.Rd2 Rfe8 27.h3 Bc8 28.Kh2 Bb7 29.Nc6
Bxc6 30.Rxd6 Rf8 31.Rxc6 Qe3 32.Rd1 {#r} 1-0

[Event "Ch Venezuela (expertos & maestros)"]
[Site "masterchessopen.com San Carlos (Venezuela)"]
[Date "2012.06.21"]
[Round "5"]
[White "Acosta Lorner"]
[Black "Velasco Ricardo"]
[Result "1-0"]
[WhiteElo "2146"]
[BlackElo "2010"]

1.d4 Nf6 2.Nf3 g6 3.g3 Bg7 4.Bg2 O-O 5.c4 d6 6.O-O Nbd7 7.Nc3 e5 8.e4 c6
9.dxe5 dxe5 10.Qc2 Qe7 11.b3 Re8 12.h3 Nc5 13.Ba3 Nfd7 14.Na4 b6 15.Nxc5 bxc5
16.Rad1 Nf8 17.Qd2 Ne6 18.Qa5 Rb8 19.Qc3 Rb6 20.Qc2 Ra6 21.Bc1 Bf8 22.a3 Nd4
23.Nxd4 cxd4 24.b4 c5 25.b5 Rd6 26.f4 Bg7 27.Kh2 f5 28.fxe5 Bxe5 29.exf5 Bxf5
30.Qa2 h5 31.Bf4 Bxf4 32.Rxf4 Kg7 33.Rd2 Re6 34.Qb2 Re3 35.b6 axb6 36.Qxb6 Qg5
37.Bf3 R8e6 38.Qxc5 h4 39.Qxd4+ Kg8 40.Rxh4 Rf6 41.Qd8+ {#r} 1-0

[Event "Tournamet (students)"]
[Site "masterchessopen.com Tijuca (Brazil)"]
[Date "2012.08.26"]
[Round "4"]
[White "De Araujo Adriel B Pereira "]
[Black "Reis Junior Evandro de Laet"]
[Result "0-1"]
[WhiteElo "2072"]
[BlackElo "1972"]

1.d4 Nf6 2.c4 g6 3.Nc3 Bg7 4.Nf3 O-O 5.g3 d6 6.Bg2 Nbd7 7.O-O e5 8.e4 c6 9.Re1
Qe7 10.h3 a5 11.Be3 exd4 12.Bxd4 Ne5 13.Nd2 Nd3 14.Re3 Nc5 15.f4 Ne6 16.Nf3
Nxd4 17.Nxd4 Nd7 18.Qd2 Nc5 19.Rae1 a4 20.Kh2 h5 21.Nf3 Qc7 22.Qe2 Qa5 23.Rd1
a3 24.e5 dxe5 25.Nxe5 axb2 26.Qxb2 Be6 27.Qc2 Rfd8 28.Rxd8+ Rxd8 29.Ne4 Nxe4
30.Qxe4 Bxe5 31.Qxe5 Qxe5 32.Rxe5 Bxc4 {#R} 0-1

[Event "Olympiad"]
[Site "masterchessopen.com Istanbul (Turkey)"]
[Date "2012.09.03"]
[Round "6"]
[White "Croes Octavio (ARU)"]
[Black "Bomo Kigigha (NGR)"]
[Result "0-1"]
[WhiteElo "1915"]
[BlackElo "2046"]

1.d4 Nf6 2.Nf3 g6 3.c4 Bg7 4.Nc3 d6 5.g3 O-O 6.Bg2 Nbd7 7.O-O e5 8.e4 c6 9.b3
Re8 10.Bb2 exd4 11.Nxd4 Nc5 12.Re1 a5 13.Qd2 Qb6 14.Rad1 a4 15.Qc2 Ng4 16.h3
Ne5 17.Nce2 axb3 18.axb3 Ncd3 19.Rxd3 Nxd3 20.Qxd3 c5 21.Rb1 cxd4 22.Bxd4 Bxd4
23.Nxd4 Ra2 24.b4 Be6 25.Nc2 Rc8 26.Ne3 Bxc4 27.Qc3 Be6 28.Qf6 Ra4 29.Rd1 Rxb4
30.Ng4 Bxg4 31.hxg4 Rb1 {#R} 0-1

[Event "It (open)"]
[Site "masterchessopen.com Baku (Azerbaijan)"]
[Date "2012.09.24"]
[Round "3"]
[White "Bajarani Ulvi (AZE)"]
[Black "Bayramov Vugar (AZE)"]
[Result "1-0"]
[WhiteElo "2436"]
[BlackElo "2210"]

1.d4 Nf6 2.c4 d6 3.Nc3 g6 4.g3 Bg7 5.Bg2 O-O 6.Nf3 Nbd7 7.O-O e5 8.e4 c6 9.Re1
a6 10.b3 Re8 11.h3 b5 12.d5 cxd5 13.cxd5 Rf8 14.b4 Nb6 15.a4 bxa4 16.Nxa4 Bd7
17.Nxb6 Qxb6 18.Bd2 Nh5 19.Ra3 Rfe8 20.Qb3 Bb5 21.Be3 Qb7 22.Bf1 Rab8 23.Bxb5
Qxb5 24.Qa4 Qxb4 25.Qxb4 Rxb4 26.Rxa6 Rxe4 27.Rxd6 Bf8 28.Rc6 Rd8 29.Rd1 h6
30.Kg2 Kg7 31.Bb6 Rd7 32.Bc7 f6 33.Bb6 Bd6 34.Nd2 Ra4 35.Nc4 Be7 36.d6 Bd8
37.Bc7 Rxc4 38.Rxc4 Kf7 39.Bxd8 Rxd8 40.Rc7+ Kf8 41.Ra1 {#r} 1-0